| 000 | 00657nam a2200181Ia 4500 | ||
|---|---|---|---|
| 008 | 151202s9999||||xx |||||||||||||| ||und|| | ||
| 082 | _bPNVM-33606 | ||
| 100 | _a"सलीमअली,लईक फतेहअली." | ||
| 245 | _aभारतीय पक्षी. | ||
| 260 | _bनॅशनल बुक ट्रस्ट इंडिया. | ||
| 260 | _c1981 | ||
| 300 | _a127 | ||
| 600 | _a"सलीमअली,लईक फतेहअली." | ||
| 630 | _aभारतीय पक्षी. | ||
| 700 | _a"सलीमअली,लईक फतेहअली." | ||
| 730 | _aभारतीय पक्षी. | ||
| 942 | _cBOOK | ||
| 999 |
_c1299565 _d1299562 |
||